LEADER 02678nam 2200637 a 450 001 9910465959903321 005 20200520144314.0 010 $a1-78170-241-1 010 $a1-84779-311-8 035 $a(CKB)2560000000085673 035 $a(EBL)1069645 035 $a(OCoLC)818847407 035 $a(SSID)ssj0000747084 035 $a(PQKBManifestationID)12342708 035 $a(PQKBTitleCode)TC0000747084 035 $a(PQKBWorkID)10703707 035 $a(PQKB)10088292 035 $a(StDuBDS)EDZ0000086819 035 $a(MiAaPQ)EBC1069645 035 $a(OCoLC)944041517 035 $a(MdBmJHUP)muse77988 035 $a(OCoLC)1132226912 035 $a(Au-PeEL)EBL1069645 035 $a(CaPaEBR)ebr10623317 035 $a(CaONFJC)MIL843501 035 $a(EXLCZ)992560000000085673 100 $a20121129d2009 uy 0 101 0 $aeng 135 $aur|n|---||||| 181 $ctxt 182 $cc 183 $acr 200 10$aImpostures in early modern England$b[electronic resource] $erepresentations and perceptions of fraudulent identities /$fTobias B. Hug 205 $aOnline-ausg. 210 $aManchester $cManchester University Press$d2009 215 $a1 online resource (257 p.) 225 0$aPolitics, culture, and society in early modern Britain 300 $aDescription based upon print version of record. 311 $a0-7190-7984-5 320 $aIncludes bibliographical references and index. 327 $apt. I. Identifying impostures in early modern England -- pt. II. Imposture and autobiography. 330 $aImpostors and impostures featured prominently in the political, social and religious life of early modern England. Who was likely to be perceived as impostor, and why? This book offers the first full-scale analysis of an important and multifaceted phenomenon. Tobias B. Hug examines a wide range of sources, from judicial archives and other official records to chronicles, newspapers, ballads, pamphlets and autobiographical writings. This closely argued and pioneering book will be of interest to specialists, students and anyone concerned with the timeless questions of why and how individuals fash 410 0$aPolitics, culture, and society in early modern Britain. 606 $aImpostors and imposture$zEngland$xHistory 608 $aElectronic books. 615 0$aImpostors and imposture$xHistory. 676 $a364.1633094209031 676 $a942 700 $aHug$b Tobias B$01054778 801 0$bMiAaPQ 801 1$bMiAaPQ 801 2$bMiAaPQ 906 $aBOOK 912 $a9910465959903321 996 $aImpostures in early modern England$92487682 997 $aUNINA LEADER 04439nam 22008534a 450 001 9910456307803321 005 20200520144314.0 010 $a1-282-45706-3 010 $a9786612457067 010 $a0-7748-5722-6 035 $a(CKB)2520000000007464 035 $a(EBL)3412621 035 $a(SSID)ssj0000441273 035 $a(PQKBManifestationID)11296754 035 $a(PQKBTitleCode)TC0000441273 035 $a(PQKBWorkID)10405746 035 $a(PQKB)10805506 035 $a(SSID)ssj0000644280 035 $a(PQKBManifestationID)12260345 035 $a(PQKBTitleCode)TC0000644280 035 $a(PQKBWorkID)10676139 035 $a(PQKB)11256638 035 $a(CaPaEBR)422122 035 $a(CaBNvSL)slc00223486 035 $a(MiAaPQ)EBC3265355 035 $a(MiAaPQ)EBC3412621 035 $a(Au-PeEL)EBL3412621 035 $a(CaPaEBR)ebr10348939 035 $a(CaONFJC)MIL245706 035 $a(OCoLC)923446786 035 $a(EXLCZ)992520000000007464 100 $a20090331d2009 uy 0 101 0 $aeng 135 $aur|n|---||||| 181 $ctxt 182 $cc 183 $acr 200 00$aProtection of First Nations cultural heritage$b[electronic resource] $elaws, policy, and reform /$fedited by Catherine Bell and Robert K. Paterson 210 $aVancouver $cUBC Press$dc2009 215 $a1 online resource (462 p.) 225 1 $aLaw and society series 300 $aDescription based upon print version of record. 311 $a0-7748-1464-0 311 $a0-7748-1463-2 320 $aIncludes bibliographical references (p. [412]-418) and index. 327 $tRestructuring the relationship : domestic repatriation and Canadian law reform /$rCatherine Bell --$tInternational movement of First Nations cultural heritage in Canadian law /$rCatherine Bell and Robert K. Paterson --$tThe protection and repatriation of indigenous cultural heritage in the United States /$rJames Nafziger --$tAncestral remains in institutional collections : proposals for reform /$rRobert K. Paterson --$tUnsitely : the eclectic regimes that protect aboriginal cultural places in Canada /$rBruce Ziff and Melodie Hope --$tPolicies and protocols for archeological sites and associated cultural intellectual property /$rGeroge P. Nicholas --$tThe interconnection of intellectual property and cultural property (traditional knowledge) /$rRobert G. Howell and Roch Ripley --$tFirst Nations intangible cultural heritage concerns : prospects for protection of traditional knowledge and traditional cultural expressions in international law /$rRosemary J. Coombe --$tNon-legal instruments for the protection of intangible cultural heritage : key roles for ethical codes and community protocols /$rKelly Bannister --$tIndigenous cultural heritage rights in international human rights law /$rMohsen al Attar, Nicole Aylwin, and Rosemary J. Coombe --$tFrom time immemorial : the recognition of aboriginal customary law in Canada /$rNorman Zlotkin --$tLooking beyond the law : questions about indigenous people's tangible and intangible property /$rVal Napoleon. 410 0$aLaw and society series (Vancouver, B.C.) 606 $aCultural property$xProtection$xLaw and legislation$zCanada 606 $aCultural property$xRepatriation$zNorth America 606 $aIndigenous peoples$xLegal status, laws, etc$zCanada 606 $aAutochtones$xDroit$zCanada 606 $aAutochtones$xCulture mate?rielle$zCanada 606 $aAutochtones$zCanada$xVie intellectuelle 606 $aBiens culturels$xProtection$xDroit$zCanada 606 $aBiens culturels$xRestitution$zAme?rique du Nord 608 $aElectronic books. 615 0$aCultural property$xProtection$xLaw and legislation 615 0$aCultural property$xRepatriation 615 0$aIndigenous peoples$xLegal status, laws, etc. 615 6$aAutochtones$xDroit 615 6$aAutochtones$xCulture mate?rielle 615 6$aAutochtones$xVie intellectuelle. 615 6$aBiens culturels$xProtection$xDroit 615 6$aBiens culturels$xRestitution 676 $a971.004/97 701 $aBell$b Catherine E$g(Catherine Edith),$f1961-$0887936 701 $aPaterson$b Robert K.$f1946-$0887937 801 0$bMiAaPQ 801 1$bMiAaPQ 801 2$bMiAaPQ 906 $aBOOK 912 $a9910456307803321 996 $aProtection of First Nations cultural heritage$91983350 997 $aUNINA LEADER 04403nam 2200697 450 001 9910433257303321 005 20170822120621.0 010 $a1-4473-2116-2 010 $a1-4473-0499-3 010 $a1-4473-1161-2 010 $a1-4473-0501-9 024 7 $a10.51952/9781447305019 035 $a(CKB)2670000000592729 035 $a(EBL)1938287 035 $a(MiAaPQ)EBC1938287 035 $a(StDuBDS)EDZ0001196309 035 $a(ScCtBLL)d6d07e42-dbac-4982-9c97-4191aac4e1f4 035 $a(oapen)https://directory.doabooks.org/handle/20.500.12854/26550 035 $a(DE-B1597)646757 035 $a(DE-B1597)9781447305019 035 $a(EXLCZ)992670000000592729 100 $a20150216h20152015 uy 0 101 0 $aeng 135 $aur|n|---||||| 181 $2rdacontent 182 $2rdamedia 183 $2rdacarrier 200 10$aBlamestorming, blamemongers and scapegoats $eallocating blame in the criminal justice process /$fGavin Dingwall and Tim Hillier 205 $aFirst edition. 210 $d2008 210 1$aBristol, England ;$aChicago, Illinois :$cPolicy Press,$d2015. 210 4$dİ2015 215 $a1 online resource (218 p.) 300 $aDescription based upon print version of record. 311 $a1-4473-0500-0 311 $a1-322-88118-9 320 $aIncludes bibliographical references and index. 327 $aBLAMESTORMING, BLAMEMONGERS AND SCAPEGOATS; Contents; About the authors ; Preface; 1. Introduction and the centrality of blame; The Case of Mrs Inglis; The Case of Baby P; Blamestorming; Blamemongers; Scapegoats; Blame; Preliminary reflections; 2. Blame in the criminal justice process; Pre-trial diversion: removing those of limited culpability; Pre-trial diversion: fixed penalties for particular categories of offence; Pre-trial diversion: the routine diversion of some types of criminal conduct to specialist state agencies; Mode of trial: deciding which court will hear a case 327 $aJustifying sentence: the normative backgroundJustifying sentence: the legal background; Conclusions: blame and procedural decision-making; 3. Blame and the blameless; The minimum age of criminal responsibility; Mental capacity; Justifications, excuses and circumstances precluding wrongfulness; Blame and luck; 4. Blameless crime; Motive: criminalising the well-intentioned; Recklessness: criminalising the risk-taker; Negligence and gross negligence: criminalising the incompetent; Strict liability: criminalising the blameless; Conclusion; 5. Blame amplification ; Offence seriousness 327 $aShocking and extraordinary crimes6. Putting oneself in harm's way; Blame, gang membership and paramilitary involvement; Purchasing drugs, 'associating with criminals' and expanding the 'blameworthy'; Drug misuse and crime; Blame, intoxication and alcohol-related offending; Conclusion: voluntarily heightening the risk of offending; 7. Blame, punitiveness and criminalisation; The growth of blame culture and the need for scapegoats; From civil liability to criminal liability; From human rights to the International Criminal Court; 8. Blamestorming and blamemongers; Defining blame 327 $aLegal determinations about blameBlame and procedural decision-making; Blame, luck and diminished responsibility; Precursory conduct and the attribution of blame; Quantifying blame; Swiss cheese; The blamemongers: from process to value; Glossary; References; Case list; Index 330 $aThis is the first detailed criminological account of the role of blame in which the authors present a novel study of the legal process of blame attribution, set in the context of criminalisation as a social and political process. It will also be of wider interest to anyone wishing to discover the role of blame in modern society. 606 $aCriminal liability 606 $aBlame 606 $aCriminal justice, Administration of 610 $aSocial Science 610 $aCriminology 615 0$aCriminal liability. 615 0$aBlame. 615 0$aCriminal justice, Administration of. 676 $a364.15 676 $a364.1523 700 $aDingwall$b Gavin$0999545 702 $aHillier$b Tim 801 0$bMiAaPQ 801 1$bMiAaPQ 801 2$bMiAaPQ 906 $aBOOK 912 $a9910433257303321 996 $aBlamestorming, blamemongers and scapegoats$92293930 997 $aUNINA